LEADER 01017nam0 2200301 450 001 000017514 005 20090311112547.0 010 $a0387221972 100 $a20081014d2005----km-y0itay50------ba 101 0 $aeng 102 $aUS 105 $aa-------001yy 200 1 $aMicroflows and nanoflows$efundamentals and simulation$fGeorge Karniadakis, Ali Beskok, Narayan Aluru$gforeword by Chih-Ming Ho 210 $aNew York$cSpringer$dc2005 215 $aXXI, 817 p.$cill.$d24 cm 225 2 $aInterdisciplinary applied mathematics$v29 410 0$12001$aInterdisciplinary applied mathematics 610 1 $aAnalisi 676 $a510.1$v20$9Matematica. Filosofia e teoria 700 1$aKarniadakis,$bGeorge Em$0472770 701 1$aAluru,$bNarayan$0503756 701 1$aBeskok,$bAli$0503755 702 1$aHo,$bChih-Ming 801 0$aIT$bUNIPARTHENOPE$c20081014$gRICA$2UNIMARC 912 $a000017514 951 $aDSA 510-M/1$b3615$cDSA$d2008 996 $aMicroflows and Nanoflows$9719524 997 $aUNIPARTHENOPE LEADER 01683nas 2200493- 450 001 9910894500403321 005 20260127110434.0 011 $a2734-7974 035 $a(OCoLC)953211017 035 $a(CKB)3710000000416980 035 $a(CONSER)--2016255276 035 $a(DE-599)ZDB2777733-9 035 $a(EXLCZ)993710000000416980 100 $a20160707a20139999 --- - 101 0 $ahun 181 $ctxt$2rdacontent 182 $cn$2rdamedia 183 $anc$2rdacarrier 200 10$aCertamen 210 1$aKolozsvár :$cErdélyi Múzeum-Egyesület,$d2013- 300 $a"El?adások a Magyar Tudomány Napján az Erdélyi Múzeum-Egyesület I. szakosztályában". 311 08$a2393-4328 606 $aHungarians$zRomania$zTransylvania$vPeriodicals 606 $aHungarian literature$zRomania$zTransylvania$xHistory and criticism$vPeriodicals 606 $aArt, Hungarian$zRomania$zTransylvania$vPeriodicals 606 $aArt, Hungarian$2fast$3(OCoLC)fst00816380 606 $aHungarian literature$2fast$3(OCoLC)fst00964018 606 $aHungarians$2fast$3(OCoLC)fst00964057 607 $aTransylvania (Romania)$xHistory$vPeriodicals 607 $aRomania$zTransylvania$2fast 608 $aCriticism, interpretation, etc.$2fast 608 $aHistory.$2fast 608 $aPeriodicals.$2fast 615 0$aHungarians 615 0$aHungarian literature$xHistory and criticism 615 0$aArt, Hungarian 615 7$aArt, Hungarian. 615 7$aHungarian literature. 615 7$aHungarians. 712 02$aErdélyi Múzeum-Egyesület, 906 $aJOURNAL 912 $a9910894500403321 996 $aCertamen$94231735 997 $aUNINA